| 000 | 00735nam a2200229 a 4500 | ||
|---|---|---|---|
| 001 | 2391 | ||
| 005 | 20140414132039.0 | ||
| 008 | 050531s19uu xx 00 eng d | ||
| 020 | _a0-394-87062-X | ||
| 050 |
_aTR _bV82 1985 |
||
| 100 | _aHautzig, Deborah | ||
| 245 |
_aA visit to the hospital / _cbe Deborah Hautzig ; illustrated by Joe Matheiu. |
||
| 260 |
_aNew York : _bRandom House, _c1985. |
||
| 300 | _ap. : ill. ; cm. | ||
| 440 | _aCTW/Sesame Street | ||
| 520 | _aGrover visits the hospital to find out what to expect when he goes to have his tonsils out. | ||
| 650 |
_aHospitals _xFiction. |
||
| 650 |
_aMedical care _xFiction. |
||
| 650 |
_aTonsillectomy _xFiction. |
||
| 650 |
_aPuppets _xFiction. |
||
| 999 |
_c113794 _d113794 |
||